Memoria anual 1997

Збережено в:
Бібліографічні деталі
Співавтор: Fondo de las Américas (Автор)
Формат: Книга
Мова:Іспанська
Опубліковано: Santiago Fondo de las Américas 1998
Предмети:
Теги: Додати тег
Немає тегів, Будьте першим, хто поставить тег для цього запису!

MARC

LEADER 00000nam a2200000 a 4500
001 UCO6278
003 CL-VaPUC
008 001020e19980000CL |||||||||||||||||spa|d
082 0 4 |a 303.44  |b FON  |2 21 
110 2 |a Fondo de las Américas  |e author  |9 451009 
245 1 0 |a Memoria anual 1997 
246 1 0 |a 1997 annual report 
300 |a 78 p 
942 |c BK 
945 |d 20001020 00:00:00  |a rbrito 
260 |a Santiago  |b Fondo de las Américas  |c 1998 
650 0 |a Desarrollo económico  |9 259599 
650 0 |a Medio ambiente  |9 257625 
650 0 |a Educación ambiental  |9 262920 
583 |a last modification  |c 20170830 11:35:02  |k Rodrigo Vera 
999 |c 291925  |d 291923 
952 |0 0  |1 0  |4 0  |6 303_440000000000000_FON_1998  |7 0  |8 P  |9 342248  |a BIBGIM  |b BIBGIM  |d 2019-11-20  |i 3636720  |o 303.44 FON 1998  |p 3636720  |r 2025-01-15  |w 2019-11-20  |y BK  |k GIM